Montevideanos

Saved in:
Bibliographic Details
Main Author: Benedetti, Mario 1920-2009
Format: Book
Language:Spanish
Published: Mexico : Nueva Imagen, 1980
Subjects:
Tags: Add Tag
No Tags, Be the first to tag this record!

MARC

LEADER 00000cam a2200000 i 4500
001 1/19260
008 120508s1980 spa d
020 |a 968-429-024-1 
035 |l 10112366 
040 |a GR-MY-UA  |b gre  |e aacr 
041 0 |a spa 
082 0 |a 863  |2 (22) 
100 1 |a Benedetti, Mario  |d 1920-2009. 
245 1 0 |a Montevideanos /  |c Mario Benedetti 
260 |a Mexico :   |b Nueva Imagen,   |c 1980 
300 |a 152 σ.;  |c 18 εκ. 
650 0 0 |a Uruguayan fiction  |y 20th century. 
852 |a INST  |b SYROS  |e 20120508  |h 863 BEN  |p 005500010152  |q 005500010152  |t BK  |y 0 
901 |a BIBL5-2012-1 
909 |a Ε  |b 170031 
970 |a ΤΣΟΥΚΑΛΑ  |b ΑΛΙΚΗ  |z 2012/05/07